| Tag |
First Indicator |
Second Indicator |
Subfields |
| LEADER |
00000cam a2200000 4500 |
| 001 |
in00000009313 |
| 005 |
20151007051523.0 |
| 008 |
770316s1866 iluabch b 00110 eng d |
| 035 |
|
|
|a (OCoLC)02808989
|
| 035 |
|
|
|9 AAA3395AM
|
| 040 |
|
|
|a DMM
|c DMM
|d m.c.
|d TXA
|d UtOrBLW
|
| 049 |
|
|
|a TXAM
|c [A10739307]
|
| 050 |
|
4 |
|a E468.7
|b .G94 1866
|
| 100 |
1 |
|
|a Guernsey, Alfred Hudson,
|d 1825-1902.
|
| 245 |
1 |
0 |
|a Harper's pictorial history of the civil war /
|c By Alfred H. Guernsey and Henry M. Alden.
|
| 264 |
|
1 |
|a Chicago, IL :
|b Star Publishing Company,
|c 1866.
|
| 300 |
|
|
|a 836 pages :
|b illustrations, portraits, maps (some folded), facsimiles ;
|c 42 x 30 cm.
|
| 336 |
|
|
|a text
|b txt
|2 rdacontent
|
| 337 |
|
|
|a unmediated
|b n
|2 rdamedia
|
| 338 |
|
|
|a volume
|b nc
|2 rdacarrier
|
| 500 |
|
|
|a Includes bibliographical references and index.
|
| 500 |
|
|
|a Issued in 27 numbers, April 16 to October 15, 1894.
|
| 651 |
|
0 |
|a United States
|x History
|y Civil War, 1861-1865
|x Views.
|
| 700 |
1 |
|
|a Alden, Henry Mills,
|d 1836-1919.
|
| 999 |
|
|
|a MARS
|
| 999 |
f |
f |
|s 9efc0fa1-25c2-3f63-83bc-598652becca7
|i 22f18821-a469-3576-8d5f-b890f592e95f
|t 0
|
| 952 |
f |
f |
|p noncirc
|a Texas A&M University
|b College Station
|c Cushing Memorial Library & Archives
|d Cushing: Kelsey Illustrators (Does not check out)
|t 0
|e E468.7 .G94 1866
|f OVERSIZE
|h Library of Congress classification
|i unmediated -- volume
|m A14810739307
|
| 998 |
f |
f |
|a E468.7 .G94 1866
|t 0
|l Cushing: Kelsey Illustrators (Does not check out)
|